000 00441nam a2200181Ia 4500
001 22662
005 20260414150845.0
008 260414t2013||||xx |||||||||||||| ||spa||
041 _aESP
082 _a621.3828
_bL84
100 _aLoizou, Philipos C.
_eAUT
245 0 _aSpeech enhancement :
_btheory and practice
260 _c2013
300 _a689 páginas :
_c24 cm.
650 _aTCA
654 _aCET
942 _cLIB
_dJUS
_fJUS
_2ddc
_n
999 _c22662
_d22662